000 00743nam a2200193 i 4500
001 88040
003 ES-MaACL
005 20250901123547.0
007 t|
008 050103s1912 sp |||| | spa d
100 1 _aLabra, Rafael M. de,
_d1840-1918
_969273
245 1 0 _aEspaña y América 1812-1912
_b: estudios políticos, históricos y de derecho internacional /
_cRafael M. de Labra.
260 _aMadrid :
_b[s.n.,
_c1912] (
_fTip. del "Sindicato de Publicidad")
300 _aXV, 485 p. ;
_c21 cm.
852 _aES-MaACL
_jF-1878
_cDEPO2
_zrevisado enlace: 1 de septiembre de 2025
856 4 _uhttps://archive.org/details/espanayamerica00labr/page/n3/mode/2up
_y Internet Archive
942 _2udc
999 _c88040
_d88040